000 00252nam a2200109Ia 4500
008 190914s9999||||xx |||||||||||||| ||und||
100 _aGeetika, Ghosh
245 0 _aManagerial Economics
260 _aCanada
_bPearson
_c2005
300 _a94
942 _cBK
999 _c9811
_d9811